| 000 | 00940cab a2200241 4500 | ||
|---|---|---|---|
| 001 | ##L135396 | ||
| 008 | 060926n2006 000 0 eng u | ||
| 035 | _a(Sirsi) u135396 | ||
| 041 | 0 | _aeng | |
| 100 | 1 | _aMeadwell, Stacey | |
| 245 | 0 | 0 |
_aFocus Expo _bCentral and Eastern Europe |
| 260 | _c2006 | ||
| 490 | 0 |
_aEstates Gazette _v(0641) 14 October 2006, 91-113(13) |
|
| 520 | _aLooks at: EXPO Real 2006 which is set to be the biggest in the property fair's history; investors targeting Romania and Bulgaria in the run-up to their accession to the EU and property market investment in Germany which has huge gains to offer from its relatively cheap real estate. | ||
| 590 | _aIKA311006 | ||
| 651 | 4 | _aCENTRAL EUROPE | |
| 651 | 4 | _aEASTERN EUROPE | |
| 690 | _aPROPERTY-COMMERCIAL PROPERTY-COMMERCIAL PROPERTY MARKET | ||
| 700 | 1 | _aMoore, Charlotte | |
| 700 | 1 | _aGreenshields, Claire | |
| 700 | 1 | _aLazarus, Darren | |
| 942 | _n0 | ||
| 999 |
_c106041 _d106041 |
||